[Event "12. Open de Sants 2010"]
[Site "Barcelona ESP"]
[Date "2010.08.23"]
[Round "4.30"]
[White "White, Michael J R"]
[Black "Markowski, Tomasz"]
[Result "0-1"]
[WhiteElo "2217"]
[BlackElo "2628"]
[PlyCount "52"]
[EventDate "2010.08.20"]
[EventType "swiss"]
[EventRounds "10"]
[EventCountry "ESP"]
[Source "lmi"]
[SourceDate "2010.08.20"]

1. e4 d6 2. d4 Nf6 3. Nc3 Nc6 4. Nf3 Bg4 5. Be3 e5 6. d5 Ne7 7. Qd2 Ng6 8. Bb5+
Bd7 9. Bd3 Be7 10. O-O-O c5 11. dxc6 bxc6 12. Bc4 h6 13. h3 Qa5 14. Bb3 Rb8 15.
Rhg1 Be6 16. Kb1 Qb4 17. Qd3 O-O 18. Bc1 d5 19. exd5 cxd5 20. a3 Qb6 21. Nh2 d4
22. Na4 Qc6 23. Bxe6 Qxe6 24. b3 Nd5 25. g4 Rfc8 26. Bb2 Ndf4 0-1

[Event "12. Open de Sants 2010"]
[Site "Barcelona ESP"]
[Date "2010.08.24"]
[Round "5.1"]
[White "Alonso Rosell, Alvar"]
[Black "Handke, Florian"]
[Result "0-1"]
[WhiteElo "2521"]
[BlackElo "2494"]
[PlyCount "98"]
[EventDate "2010.08.20"]
[EventType "swiss"]
[EventRounds "10"]
[EventCountry "ESP"]
[Source "lmi"]
[SourceDate "2010.08.20"]

1. d4 d5 2. c4 c6 3. Nf3 Nf6 4. Nc3 a6 5. a4 e6 6. g3 Bb4 7. Bg2 Nbd7 8. O-O
O-O 9. Nd2 a5 10. e4 dxc4 11. Nxc4 b6 12. Qe2 Ba6 13. Rd1 Qe7 14. Na2 e5 15. d5
Rac8 16. b3 Bc5 17. Bb2 h5 18. h3 h4 19. g4 cxd5 20. exd5 Ne8 21. Kh1 Nd6 22.
Nc3 f5 23. Nb5 Nxb5 24. axb5 Bxb5 25. d6 Qg5 26. gxf5 Qxf5 27. f4 exf4 28. Bd5+
Kh8 29. Qf3 Rce8 30. Re1 Nf6 31. Bxf6 gxf6 32. Re7 Bxc4 33. bxc4 Rxe7 34. dxe7
Bxe7 35. Rg1 Bc5 36. Be4 Qe5 37. Rg4 Qa1+ 38. Kh2 Qb2+ 39. Rg2 Qe5 40. Bd5 Re8
41. Kh1 a4 42. Qg4 Qg5 43. Qd1 Qf5 44. Be6 Qh7 45. Qxa4 Rd8 46. Qa1 Bd4 47. Qd1
f3 48. Rf2 Qe7 49. Qxf3 Bxf2 0-1

[Event "12. Open de Sants 2010"]
[Site "Barcelona ESP"]
[Date "2010.08.24"]
[Round "5.2"]
[White "Martinez Duany, Lelys Stanley"]
[Black "Barrientos, Sergio E"]
[Result "1-0"]
[WhiteElo "2510"]
[BlackElo "2477"]
[PlyCount "131"]
[EventDate "2010.08.20"]
[EventType "swiss"]
[EventRounds "10"]
[EventCountry "ESP"]
[Source "lmi"]
[SourceDate "2010.08.20"]

1. e4 c5 2. Nf3 d6 3. d4 cxd4 4. Nxd4 Nf6 5. Nc3 a6 6. Be2 e5 7. Nb3 Be7 8. O-O
O-O 9. Kh1 b6 10. Be3 Bb7 11. f3 b5 12. a4 b4 13. Nd5 Nxd5 14. exd5 Nd7 15. c4
bxc3 16. bxc3 Bg5 17. Bxg5 Qxg5 18. Na5 Nc5 19. Rb1 Qe7 20. Rb6 Qc7 21. Nc4
Rfd8 22. a5 Rab8 23. Rf2 Ba8 24. Bf1 g6 25. Rfb2 Rbc8 26. R2b4 Qe7 27. Qd2 e4
28. Ne3 exf3 29. gxf3 Re8 30. Ng2 Qe5 31. Rd4 Rb8 32. Rxb8 Rxb8 33. Qe3 Rb1 34.
Kg1 Ra1 35. f4 Qh5 36. c4 Bb7 37. Rd2 Qf5 38. Re2 Qf6 39. Rf2 Bc8 40. Qe8+ Kg7
41. Qxc8 Ne4 42. Qh3 Nxf2 43. Kxf2 Rxa5 44. Qe3 Qb2+ 45. Be2 Ra3 46. Qe4 Qb6+
47. Ne3 a5 48. Kf3 a4 49. Bd1 Ra1 50. Qd3 Qb2 51. c5 Ra3 52. Qe4 dxc5 53. Qe5+
Qxe5 54. fxe5 Ra1 55. d6 Kf8 56. Ke2 a3 57. Nc2 Ra2 58. Kd3 Rb2 59. Nxa3 Rxh2
60. Nb5 Rh4 61. Bf3 Ke8 62. Bc6+ Kd8 63. Ke3 Rb4 64. e6 Rb3+ 65. Ke4 fxe6 66.
Nc7 1-0

[Event "12. Open de Sants 2010"]
[Site "Barcelona ESP"]
[Date "2010.08.24"]
[Round "5.3"]
[White "Escobar Forero, Alder"]
[Black "Rodshtein, Maxim"]
[Result "1/2-1/2"]
[WhiteElo "2474"]
[BlackElo "2609"]
[PlyCount "67"]
[EventDate "2010.08.20"]
[EventType "swiss"]
[EventRounds "10"]
[EventCountry "ESP"]
[Source "lmi"]
[SourceDate "2010.08.20"]

1. e4 e6 2. d4 d5 3. Nc3 Bb4 4. e5 Ne7 5. a3 Bxc3+ 6. bxc3 c5 7. a4 Nbc6 8. Nf3
Bd7 9. Ba3 Qa5 10. Qd2 cxd4 11. cxd4 Qxd2+ 12. Kxd2 Na5 13. Bd3 Rc8 14. Rhb1 f6
15. exf6 gxf6 16. g4 h6 17. h4 Bc6 18. Re1 Kf7 19. Rxe6 Kxe6 20. Re1+ Kd7 21.
Bxe7 Nc4+ 22. Kc1 Rce8 23. Bf5+ Kc7 24. Bg6 Bd7 25. Bxe8 Rxe8 26. Bxf6 Rxe1+
27. Nxe1 Bxg4 28. Nd3 h5 29. Ne5 Nxe5 30. Bxe5+ Kb6 31. Bb8 a5 32. Kb2 Kc6 33.
Bf4 Bf3 34. Bg5 1/2-1/2

[Event "12. Open de Sants 2010"]
[Site "Barcelona ESP"]
[Date "2010.08.24"]
[Round "5.4"]
[White "Richter, Michael"]
[Black "Mamedov, Nidjat"]
[Result "1-0"]
[WhiteElo "2428"]
[BlackElo "2604"]
[PlyCount "117"]
[EventDate "2010.08.20"]
[EventType "swiss"]
[EventRounds "10"]
[EventCountry "ESP"]
[Source "lmi"]
[SourceDate "2010.08.20"]

1. d4 Nf6 2. c4 g6 3. Nc3 Bg7 4. e4 d6 5. Nf3 O-O 6. Be2 e5 7. dxe5 dxe5 8.
Qxd8 Rxd8 9. Bg5 Nbd7 10. O-O-O Rf8 11. Nd5 c6 12. Ne7+ Kh8 13. Be3 Re8 14.
Nxc8 Raxc8 15. g4 Nf8 16. Nd2 h6 17. h4 Kg8 18. g5 hxg5 19. hxg5 N6h7 20. Bg4
Ne6 21. Nb3 Rc7 22. Bxe6 fxe6 23. Nc5 b6 24. Rd7 Rxd7 25. Nxd7 Rd8 26. Rd1 Nf8
27. Nxf8 Rxd1+ 28. Kxd1 Bxf8 29. Kc2 Be7 30. a4 Kf7 31. Kb3 Ke8 32. a5 Kd7 33.
axb6 axb6 34. Bxb6 c5 35. Ba5 Bxg5 36. Bc3 Bf4 37. Kc2 Kc6 38. Kd3 Kb6 39. Be1
Bh2 40. Bd2 Bf4 41. b3 Ka6 42. Be3 Kb6 43. Ke2 Kc6 44. Kf3 g5 45. Bxf4 gxf4 46.
Ke2 Kb6 47. Kd3 Ka5 48. Kc3 f3 49. b4+ cxb4+ 50. Kb3 Kb6 51. Kxb4 Kc6 52. c5
Kc7 53. Kb5 Kb7 54. c6+ Kc8 55. Kc4 Kb8 56. Kb4 Kc8 57. Kb5 Kb8 58. Kb6 Ka8 59.
Kc7 1-0

[Event "12. Open de Sants 2010"]
[Site "Barcelona ESP"]
[Date "2010.08.24"]
[Round "5.5"]
[White "Leniart, Arkadiusz"]
[Black "Bluvshtein, Mark"]
[Result "1/2-1/2"]
[WhiteElo "2423"]
[BlackElo "2583"]
[PlyCount "43"]
[EventDate "2010.08.20"]
[EventType "swiss"]
[EventRounds "10"]
[EventCountry "ESP"]
[Source "lmi"]
[SourceDate "2010.08.20"]

1. e4 d6 2. d4 Nf6 3. Nc3 g6 4. f4 Bg7 5. Nf3 O-O 6. Be2 c5 7. dxc5 Qa5 8. Nd2
Qxc5 9. Nb3 Qb6 10. Qd3 Nc6 11. Be3 Nb4 12. Bxb6 Nxd3+ 13. cxd3 axb6 14. d4 e5
15. fxe5 dxe5 16. d5 Ne8 17. Nd2 Bd7 18. Nc4 Ra6 19. Na3 Ra8 20. Nc4 Ra6 21.
Nd2 Ra8 22. Nc4 1/2-1/2

[Event "12. Open de Sants 2010"]
[Site "Barcelona ESP"]
[Date "2010.08.24"]
[Round "5.6"]
[White "Nijboer, Friso"]
[Black "Brunner, Nicolas"]
[Result "1/2-1/2"]
[WhiteElo "2582"]
[BlackElo "2451"]
[PlyCount "51"]
[EventDate "2010.08.20"]
[EventType "swiss"]
[EventRounds "10"]
[EventCountry "ESP"]
[Source "lmi"]
[SourceDate "2010.08.20"]

1. e4 c5 2. Nf3 d6 3. d4 cxd4 4. Nxd4 Nf6 5. Nc3 a6 6. Be3 Ng4 7. Bg5 h6 8. Bh4
g5 9. Bg3 Bg7 10. h3 Ne5 11. f3 Nbc6 12. Bf2 Ng6 13. Qd2 Qa5 14. Nd5 Qxd2+ 15.
Kxd2 Bxd4 16. Bxd4 Nxd4 17. Nc7+ Kd7 18. Nxa8 Kc6 19. a4 Be6 20. Ra3 Rxa8 21.
Rd3 Nxf3+ 22. gxf3 f6 23. a5 h5 24. b4 Kd7 25. Ra3 h4 26. Rh2 1/2-1/2

[Event "12. Open de Sants 2010"]
[Site "Barcelona ESP"]
[Date "2010.08.24"]
[Round "5.7"]
[White "Cruz, Cristhian"]
[Black "Lorenzo De La Riva, Lazaro"]
[Result "1-0"]
[WhiteElo "2536"]
[BlackElo "2407"]
[PlyCount "107"]
[EventDate "2010.08.20"]
[EventType "swiss"]
[EventRounds "10"]
[EventCountry "ESP"]
[Source "lmi"]
[SourceDate "2010.08.20"]

1. d4 g6 2. c4 Bg7 3. Nc3 d6 4. e4 e5 5. Nge2 Nc6 6. Be3 exd4 7. Nxd4 Nge7 8.
Be2 O-O 9. O-O f5 10. Qd2 fxe4 11. Nxe4 Nf5 12. Nxf5 Bxf5 13. Ng3 Be6 14. Bg5
Qd7 15. Rad1 Kh8 16. Kh1 Rae8 17. b3 b6 18. Bd3 a5 19. h4 Ne5 20. Bb1 Bg4 21.
Rde1 Bf3 22. Kg1 Ba8 23. Be4 Bxe4 24. Rxe4 Nf7 25. Rfe1 Rxe4 26. Rxe4 Nxg5 27.
Qxg5 Bf6 28. Qd5 Qg7 29. h5 Be5 30. Rg4 g5 31. Ne4 h6 32. Qe6 Kh7 33. f3 Bf4
34. g3 Be3+ 35. Kg2 Qf7 36. Qxf7+ Rxf7 37. Nc3 Bc5 38. Re4 c6 39. Re6 Bd4 40.
Ne4 d5 41. Nd6 Rf6 42. cxd5 cxd5 43. Rxf6 Bxf6 44. Kf2 Kg7 45. Nf5+ Kf7 46.
Nxh6+ Ke6 47. Ng4 Bc3 48. Ke2 b5 49. h6 a4 50. Kd3 Bb2 51. b4 Bh8 52. Ne3 d4
53. Nc2 Kd5 54. Na3 1-0

[Event "12. Open de Sants 2010"]
[Site "Barcelona ESP"]
[Date "2010.08.24"]
[Round "5.8"]
[White "Sidorenko, Ilya"]
[Black "Cuartas, Jaime Alexander"]
[Result "1-0"]
[WhiteElo "2409"]
[BlackElo "2529"]
[PlyCount "105"]
[EventDate "2010.08.20"]
[EventType "swiss"]
[EventRounds "10"]
[EventCountry "ESP"]
[Source "lmi"]
[SourceDate "2010.08.20"]

1. e4 c6 2. d4 d5 3. e5 Bf5 4. Nf3 e6 5. Be2 Nd7 6. O-O h6 7. b3 Ne7 8. c4 g5
9. Nc3 a6 10. Ne1 Bg6 11. Bd3 Bxd3 12. Nxd3 Nf5 13. cxd5 cxd5 14. Be3 h5 15.
Rc1 Be7 16. Ne2 Kf8 17. Qd2 Kg7 18. Rc3 Nb8 19. Nc5 Bxc5 20. Rxc5 Kg6 21. Ng3
Nc6 22. Nxf5 exf5 23. Rfc1 Rc8 24. b4 f4 25. Qd3+ Kg7 26. Bd2 Qd7 27. a4 Ne7
28. h4 gxh4 29. Bxf4 Qg4 30. Bd2 Rc6 31. f3 Qg3 32. Be1 Qg5 33. Qd2 Qxd2 34.
Bxd2 Rhc8 35. Bg5 Rxc5 36. Rxc5 Rxc5 37. dxc5 Nc6 38. b5 axb5 39. axb5 Na7 40.
c6 b6 41. Bd8 Nc8 42. Kf2 Kf8 43. Ke3 Ke8 44. Bxh4 Na7 45. Kd4 Nxb5+ 46. Kxd5
Na7 47. f4 Nb5 48. f5 Na7 49. e6 fxe6+ 50. fxe6 Nc8 51. c7 Na7 52. Kd6 b5 53.
Kc5 1-0

[Event "12. Open de Sants 2010"]
[Site "Barcelona ESP"]
[Date "2010.08.24"]
[Round "5.9"]
[White "Reinaldo Castineira, Roi"]
[Black "Alonso Garcia, Rene Marcial"]
[Result "1/2-1/2"]
[WhiteElo "2511"]
[BlackElo "2396"]
[PlyCount "22"]
[EventDate "2010.08.20"]
[EventType "swiss"]
[EventRounds "10"]
[EventCountry "ESP"]
[Source "lmi"]
[SourceDate "2010.08.20"]

1. c4 Nf6 2. Nf3 c5 3. Nc3 b6 4. e4 d6 5. d4 cxd4 6. Nxd4 Bb7 7. Bd3 g6 8. Nd5
Bg7 9. Qa4+ Nfd7 10. Nb5 O-O 11. O-O a6 1/2-1/2

[Event "12. Open de Sants 2010"]
[Site "Barcelona ESP"]
[Date "2010.08.24"]
[Round "5.10"]
[White "Michielsen, Joost"]
[Black "Oms Pallisse, Josep"]
[Result "0-1"]
[WhiteElo "2397"]
[BlackElo "2494"]
[PlyCount "100"]
[EventDate "2010.08.20"]
[EventType "swiss"]
[EventRounds "10"]
[EventCountry "ESP"]
[Source "lmi"]
[SourceDate "2010.08.20"]

1. e4 e6 2. d4 d5 3. Nc3 Nf6 4. e5 Nfd7 5. f4 c5 6. Nf3 Nc6 7. Be3 cxd4 8. Nxd4
Bc5 9. Qd2 a6 10. O-O-O O-O 11. h4 Nxd4 12. Bxd4 b5 13. Rh3 b4 14. Na4 Bxd4 15.
Qxd4 a5 16. Kb1 Ba6 17. Bxa6 Rxa6 18. g4 Rc6 19. b3 f6 20. exf6 Nxf6 21. f5
exf5 22. gxf5 Qc7 23. Rc1 Rc8 24. Qd3 Qe5 25. Re3 Ne4 26. Re2 Qxf5 27. Rd1 Rc5
28. Nxc5 Nc3+ 29. Ka1 Qxd3 30. Rxd3 Nxe2 31. Rxd5 Nc3 32. Re5 Rf8 33. Nd3 Rf1+
34. Re1 Rxe1+ 35. Nxe1 Kf7 36. Kb2 Kg6 37. Nf3 Kh5 38. a3 Nd1+ 39. Ka2 Nc3+ 40.
Kb2 Nd1+ 41. Ka2 Kg4 42. Nd4 Nc3+ 43. Kb2 Kxh4 44. Nf5+ Kg4 45. Nxg7 h5 46.
Nxh5 Kxh5 47. axb4 axb4 48. Kc1 Kg5 49. Kd2 Kf5 50. Kd3 Na2 0-1

[Event "12. Open de Sants 2010"]
[Site "Barcelona ESP"]
[Date "2010.08.24"]
[Round "5.11"]
[White "Kanarek, Marcel"]
[Black "Cori Tello, Jorge"]
[Result "1/2-1/2"]
[WhiteElo "2387"]
[BlackElo "2486"]
[PlyCount "74"]
[EventDate "2010.08.20"]
[EventType "swiss"]
[EventRounds "10"]
[EventCountry "ESP"]
[Source "lmi"]
[SourceDate "2010.08.20"]

1. c4 Nf6 2. Nc3 g6 3. e4 d6 4. d4 Bg7 5. Be2 O-O 6. Nf3 e5 7. O-O Nc6 8. d5
Ne7 9. Ne1 Nd7 10. Nd3 f5 11. Bd2 fxe4 12. Nxe4 Nf6 13. f3 Nf5 14. Ndf2 Nd4 15.
Nxf6+ Bxf6 16. Ne4 Bg7 17. Bg5 Qe8 18. Bd3 Bf5 19. Be3 Qd7 20. Ng5 c5 21. Ne4
a6 22. Qd2 b5 23. Bxd4 exd4 24. b3 Rab8 25. Rae1 Rbe8 26. Re2 Re7 27. Rfe1 Rfe8
28. Qa5 Bxe4 29. Rxe4 Rxe4 30. Rxe4 Rxe4 31. Bxe4 bxc4 32. bxc4 Qb7 33. Qd2 Be5
34. f4 Bf6 35. g3 Kf7 36. Qe2 a5 37. Bd3 Qe7 1/2-1/2

[Event "12. Open de Sants 2010"]
[Site "Barcelona ESP"]
[Date "2010.08.24"]
[Round "5.12"]
[White "Khmelniker, Ilya"]
[Black "Fernandez Aguado, Enrique"]
[Result "1-0"]
[WhiteElo "2483"]
[BlackElo "2343"]
[PlyCount "159"]
[EventDate "2010.08.20"]
[EventType "swiss"]
[EventRounds "10"]
[EventCountry "ESP"]
[Source "lmi"]
[SourceDate "2010.08.20"]

1. d4 Nf6 2. c4 e6 3. Nf3 b6 4. g3 Bb7 5. Bg2 Be7 6. O-O O-O 7. Re1 d5 8. cxd5
exd5 9. Nc3 Na6 10. Bf4 Re8 11. Rc1 h6 12. Qa4 c5 13. a3 Ne4 14. Ne5 cxd4 15.
Nxe4 dxe4 16. Nc6 Bxc6 17. Qxc6 Nc5 18. Bc7 Qc8 19. b4 Ne6 20. Bxe4 Nxc7 21.
Qxc7 Qxc7 22. Rxc7 Bxb4 23. Bxa8 Bxe1 24. Bf3 a5 25. Kf1 Bc3 26. Bd5 Rf8 27.
Rb7 g5 28. Rxb6 Kg7 29. a4 Rd8 30. Bc4 Rd7 31. Kg2 Bb4 32. Rb5 Kf6 33. Kf3 Rc7
34. Bd3 Rc3 35. Ke4 Ra3 36. Rb6+ Kg7 37. Bb5 Be1 38. f3 Bf2 39. Ra6 Bg1 40. h3
h5 41. Rxa5 g4 42. hxg4 hxg4 43. Bd3 f5+ 44. Rxf5 gxf3 45. exf3 Rxa4 46. Rb5
Ra7 47. Kf5 Bf2 48. Kg4 Ra1 49. Rb2 Be3 50. Kf5 Ra5+ 51. Ke4 Rg5 52. g4 Kf6 53.
Rb6+ Ke7 54. Be2 Rg8 55. f4 Rf8 56. f5 Rf6 57. Rb7+ Kd6 58. Rg7 Bh6 59. Rg8 Be3
60. g5 Rf7 61. Rg6+ Kc5 62. f6 Kd6 63. Kf5 Rc7 64. Rg7 Rc5+ 65. Kg4 Ke6 66. Bd3
Rc1 67. Bf5+ Kd6 68. g6 Rf1 69. Rd7+ Ke5 70. f7 Bh6 71. Bd3 Rg1+ 72. Kf3 Rd1
73. Be2 Rg1 74. Bd3 Rd1 75. Bc4 Kf6 76. Rd6+ Kg7 77. Rd8 Kxg6 78. Rd6+ Kg7 79.
Rxh6 Rc1 80. Rh7+ 1-0

[Event "12. Open de Sants 2010"]
[Site "Barcelona ESP"]
[Date "2010.08.24"]
[Round "5.13"]
[White "Oms Fuentes, Lluis"]
[Black "Zoler, Dan"]
[Result "0-1"]
[WhiteElo "2360"]
[BlackElo "2474"]
[PlyCount "76"]
[EventDate "2010.08.20"]
[EventType "swiss"]
[EventRounds "10"]
[EventCountry "ESP"]
[Source "lmi"]
[SourceDate "2010.08.20"]

1. e4 c5 2. Nf3 d6 3. d4 cxd4 4. Nxd4 Nf6 5. Nc3 a6 6. Bc4 e6 7. Bb3 Be7 8. O-O
Qc7 9. Be3 O-O 10. a4 Nc6 11. f4 Na5 12. Qf3 Nxb3 13. Nxb3 Bd7 14. g4 Bc6 15.
Nd4 d5 16. e5 Ne4 17. Nxe4 dxe4 18. Qg3 Bc5 19. c3 Rad8 20. f5 exf5 21. gxf5
Rfe8 22. f6 g6 23. Rf5 Rd5 24. b4 Bf8 25. Rh5 Kh8 26. Ra2 Bd7 27. Bf4 Qc4 28.
Rf2 gxh5 29. Rg2 Bg4 30. h3 Qd3 31. Be3 Rexe5 32. hxg4 Qd1+ 33. Kf2 hxg4 34.
Rg1 Rf5+ 35. Kg2 Qd3 36. Qb8 Kg8 37. Re1 Rxf6 38. Qxb7 Qxc3 0-1

[Event "12. Open de Sants 2010"]
[Site "Barcelona ESP"]
[Date "2010.08.24"]
[Round "5.15"]
[White "Markowski, Tomasz"]
[Black "Eggleston, David J"]
[Result "1-0"]
[WhiteElo "2628"]
[BlackElo "2309"]
[PlyCount "69"]
[EventDate "2010.08.20"]
[EventType "swiss"]
[EventRounds "10"]
[EventCountry "ESP"]
[Source "lmi"]
[SourceDate "2010.08.20"]

1. d4 Nf6 2. g3 e6 3. Bg2 c5 4. Nf3 Nc6 5. O-O d5 6. c4 cxd4 7. Nxd4 Be7 8.
cxd5 exd5 9. Nc3 O-O 10. Be3 Be6 11. Rc1 Qd7 12. Nxe6 fxe6 13. Qa4 a6 14. Rfd1
Rac8 15. Bh3 Rce8 16. Bg5 Qd6 17. Qb3 Na5 18. Qc2 Nc6 19. e3 h6 20. Bxf6 Bxf6
21. Ne4 Qe7 22. Nc5 Qf7 23. Qe2 Ne5 24. b3 a5 25. Rc2 b6 26. Nd3 Nxd3 27. Rxd3
e5 28. Rc6 e4 29. Rd1 b5 30. Rd6 Re5 31. Qd2 Be7 32. Rxd5 Bb4 33. Rxe5 Bxd2 34.
Be6 Bc3 35. Bxf7+ 1-0

[Event "12. Open de Sants 2010"]
[Site "Barcelona ESP"]
[Date "2010.08.24"]
[Round "5.17"]
[White "Martin Fuentes, Alberto"]
[Black "Parligras, Mircea"]
[Result "1/2-1/2"]
[WhiteElo "2297"]
[BlackElo "2574"]
[PlyCount "75"]
[EventDate "2010.08.20"]
[EventType "swiss"]
[EventRounds "10"]
[EventCountry "ESP"]
[Source "lmi"]
[SourceDate "2010.08.20"]

1. e4 c5 2. Nc3 Nc6 3. g3 g6 4. d3 Bg7 5. Be3 d6 6. Qd2 Nf6 7. Bh6 Bxh6 8. Qxh6
Nd4 9. Qd2 h5 10. h3 e5 11. Bg2 Be6 12. Nd5 Nxd5 13. exd5 Bd7 14. c3 Nf5 15.
Nf3 f6 16. O-O g5 17. Qe2 Qe7 18. Nd2 g4 19. h4 O-O 20. Nc4 Bb5 21. Ne3 Nxe3
22. fxe3 f5 23. Rf2 Rf7 24. Qd2 Raf8 25. Raf1 Bd7 26. b3 b5 27. a3 a5 28. d4
cxd4 29. cxd4 a4 30. bxa4 bxa4 31. dxe5 Qxe5 32. Kh2 Bb5 33. Rb1 Bd7 34. Rb4
Kg7 35. Rff4 Rc8 36. Rbc4 Rb8 37. Rb4 Rc8 38. Rbc4 1/2-1/2

[Event "12. Open de Sants 2010"]
[Site "Barcelona ESP"]
[Date "2010.08.24"]
[Round "5.18"]
[White "Peralta, Fernando"]
[Black "Stromboli, Carlo"]
[Result "1-0"]
[WhiteElo "2570"]
[BlackElo "2285"]
[PlyCount "91"]
[EventDate "2010.08.20"]
[EventType "swiss"]
[EventRounds "10"]
[EventCountry "ESP"]
[Source "lmi"]
[SourceDate "2010.08.20"]

1. d4 Nf6 2. c4 e6 3. Nc3 Bb4 4. e3 O-O 5. Bd3 d5 6. Nf3 c5 7. O-O dxc4 8. Bxc4
Nbd7 9. Qd3 b6 10. d5 Bxc3 11. dxe6 Ba5 12. exd7 Qxd7 13. Qxd7 Bxd7 14. Ne5
Rad8 15. f3 Ba4 16. a3 Nd7 17. Nxf7 b5 18. Nxd8+ bxc4 19. Nb7 Bc7 20. Bd2 Rb8
21. Na5 Bxa5 22. Bxa5 Rxb2 23. Rfc1 Bb3 24. Kf1 Bc2 25. e4 Bd3+ 26. Kg1 Nb8 27.
Bc3 Re2 28. Re1 Rc2 29. Rac1 Ra2 30. e5 Nc6 31. e6 Kf8 32. Bxg7+ Ke7 33. Ra1
Rxa1 34. Bxa1 Nd4 35. Kf2 Nxe6 36. Re5 Kd6 37. Ke3 Nc7 38. Rg5 Nd5+ 39. Kd2 a6
40. Rg8 Kc6 41. Be5 Bg6 42. g4 Kb5 43. Rd8 c3+ 44. Bxc3 Kc4 45. Be5 Nb6 46. f4
1-0

[Event "12. Open de Sants 2010"]
[Site "Barcelona ESP"]
[Date "2010.08.24"]
[Round "5.19"]
[White "Malloni, Marcello"]
[Black "Andersson, Ulf"]
[Result "1/2-1/2"]
[WhiteElo "2293"]
[BlackElo "2567"]
[PlyCount "96"]
[EventDate "2010.08.20"]
[EventType "swiss"]
[EventRounds "10"]
[EventCountry "ESP"]
[Source "lmi"]
[SourceDate "2010.08.20"]

1. e4 c5 2. c3 d5 3. exd5 Qxd5 4. d4 Nf6 5. Nf3 e6 6. Na3 Nc6 7. Nb5 Qd8 8.
dxc5 Bxc5 9. Qxd8+ Kxd8 10. Bf4 Nd5 11. O-O-O Ke7 12. Bg3 a6 13. Nbd4 Nxd4 14.
Nxd4 Rd8 15. Be2 Bd7 16. Bf3 Ba4 17. Rd2 Rd7 18. Re1 Rad8 19. Bh4+ Nf6 20. Nf5+
Kf8 21. Rxd7 Bxd7 22. Ne3 b5 23. Ng4 Be7 24. Ne5 Be8 25. Bg3 Nd5 26. Rd1 f6 27.
Nd3 Bf7 28. Be4 e5 29. f4 Ne3 30. Re1 Nxg2 31. Bxg2 Rxd3 32. Be4 Rd8 33. fxe5
fxe5 34. Bxe5 Bxa2 35. Bd4 Bf7 36. Kc2 b4 37. Kd3 Rc8 38. Rf1 Bf6 39. Rf5 bxc3
40. bxc3 Ke7 41. Ra5 Bc4+ 42. Ke3 Kd6 43. Bxf6 gxf6 44. Kd4 Bb5 45. Bd5 Rxc3
46. Kxc3 Kxd5 47. Kd2 Ke4 48. Ra3 Kf5 1/2-1/2

[Event "12. Open de Sants 2010"]
[Site "Barcelona ESP"]
[Date "2010.08.24"]
[Round "5.20"]
[White "Lillo Castay, Victor"]
[Black "Narciso Dublan, Marc"]
[Result "0-1"]
[WhiteElo "2284"]
[BlackElo "2540"]
[PlyCount "86"]
[EventDate "2010.08.20"]
[EventType "swiss"]
[EventRounds "10"]
[EventCountry "ESP"]
[Source "lmi"]
[SourceDate "2010.08.20"]

1. e4 e6 2. d4 d5 3. Nd2 c5 4. Ngf3 cxd4 5. exd5 Qxd5 6. Bc4 Qd6 7. O-O Nf6 8.
Nb3 Nc6 9. Nbxd4 Nxd4 10. Nxd4 a6 11. Bb3 Be7 12. c3 O-O 13. Qf3 a5 14. Rd1 Qa6
15. Bf4 a4 16. Bc2 Bd7 17. Be5 Rfd8 18. h4 Be8 19. h5 h6 20. Re1 Qb6 21. Rad1
Ra5 22. Bxf6 Bxf6 23. Qe4 Kf8 24. Qh7 Re5 25. Rxe5 Bxe5 26. Re1 Bxd4 27. cxd4
Rxd4 28. Re2 Bb5 29. Re3 Rd2 30. Qh8+ Ke7 31. Qxg7 Rxc2 32. Rf3 Rc1+ 33. Kh2
Qd6+ 34. g3 Be8 35. Qf6+ Kd7 36. Qxh6 Qd1 37. Rd3+ Qxd3 38. Qxc1 Qe2 39. Qc5 f5
40. Qd4+ Kc8 41. Qc5+ Bc6 42. Qf8+ Kc7 43. Qe7+ Kb6 0-1

[Event "12. Open de Sants 2010"]
[Site "Barcelona ESP"]
[Date "2010.08.24"]
[Round "5.21"]
[White "Cabrera, Alexis"]
[Black "Genutis, Mindaugas"]
[Result "0-1"]
[WhiteElo "2533"]
[BlackElo "2279"]
[PlyCount "112"]
[EventDate "2010.08.20"]
[EventType "swiss"]
[EventRounds "10"]
[EventCountry "ESP"]
[Source "lmi"]
[SourceDate "2010.08.20"]

1. e4 c5 2. Nf3 e6 3. d4 cxd4 4. Nxd4 Nc6 5. Nc3 Qc7 6. Be3 a6 7. Qd2 Nf6 8.
O-O-O Bb4 9. f3 Ne5 10. Nb3 b5 11. Qe1 Be7 12. f4 Neg4 13. e5 Nxe3 14. Qxe3 Ng8
15. Qg3 g6 16. f5 Nh6 17. f6 Bb4 18. Ne4 Bb7 19. Bd3 Nf5 20. Qf4 Qb6 21. Ned2
Bf8 22. Bxf5 gxf5 23. Rhg1 h5 24. Kb1 a5 25. Nf3 a4 26. Qd2 d5 27. Nbd4 b4 28.
h3 Ba6 29. g4 hxg4 30. hxg4 fxg4 31. Rxg4 b3 32. cxb3 axb3 33. Nxb3 Rh3 34. Qg2
Qe3 35. Qxh3 Bd3+ 36. Ka1 Bc2 37. Rdd4 Qxb3 38. Ra4 Rxa4 39. Rxa4 Qxa4 40. Nd2
Qd4 41. Qf1 Qd3 42. Qf2 Qa6 43. Qd4 Ba4 44. b4 Qc6 45. Nb1 Kd8 46. Nc3 Kc8 47.
Kb2 Kb7 48. a3 Bb5 49. Qh4 Bd3 50. Qf2 Qc4 51. Na4 Qc6 52. Nc3 Qb6 53. Qf4 Qg1
54. a4 Qg2+ 55. Ka3 Qc2 56. Qd4 Bc4 0-1

[Event "12. Open de Sants 2010"]
[Site "Barcelona ESP"]
[Date "2010.08.25"]
[Round "6.1"]
[White "Handke, Florian"]
[Black "Martinez Duany, Lelys Stanley"]
[Result "1/2-1/2"]
[WhiteElo "2494"]
[BlackElo "2510"]
[PlyCount "125"]
[EventDate "2010.08.20"]
[EventType "swiss"]
[EventRounds "10"]
[EventCountry "ESP"]
[Source "lmi"]
[SourceDate "2010.08.20"]

1. e4 c5 2. Nf3 g6 3. c3 d5 4. exd5 Qxd5 5. d4 Bg7 6. Be2 Nf6 7. O-O O-O 8. c4
Qd6 9. Nc3 cxd4 10. Nb5 Qd8 11. Bf4 Nc6 12. Bc7 Qd7 13. Ne5 Qe6 14. Nxc6 Qxc6
15. Be5 Rd8 16. Nc7 Ne8 17. Nd5 Rxd5 18. cxd5 Qxd5 19. Bxg7 Kxg7 20. Qb3 Qd6
21. Bc4 Nf6 22. Rfe1 e6 23. Rad1 Ng4 24. Qg3 Qxg3 25. hxg3 e5 26. f3 Ne3 27.
Rxe3 dxe3 28. Rd8 a6 29. g4 h6 30. Re8 Kf6 31. a4 Rb8 32. a5 b6 33. axb6 Rxb6
34. Rxc8 Rxb2 35. Bxa6 Rb1+ 36. Kh2 Ra1 37. Bd3 Ra3 38. Bb5 Rb3 39. Rc5 Rb2 40.
Ba6 e2 41. Rc1 Ra2 42. Bb7 Rb2 43. Ba8 Ra2 44. Be4 Kg5 45. Re1 Kf4 46. Bd5 Rd2
47. Bxf7 Ke3 48. Bc4 Kf2 49. Rxe2+ Rxe2 50. Bxe2 Kxe2 51. Kg3 g5 52. Kh3 Ke3
53. Kh2 Kd3 54. Kg3 Ke2 55. Kh3 Kf2 56. Kh2 Ke3 57. Kh3 Kf4 58. Kh2 e4 59. fxe4
Kxe4 60. Kg3 Ke3 61. Kh2 Ke4 62. Kg3 Ke5 63. Kh2 1/2-1/2

[Event "12. Open de Sants 2010"]
[Site "Barcelona ESP"]
[Date "2010.08.25"]
[Round "6.2"]
[White "Escobar Forero, Alder"]
[Black "Cruz, Cristhian"]
[Result "1/2-1/2"]
[WhiteElo "2474"]
[BlackElo "2536"]
[PlyCount "35"]
[EventDate "2010.08.20"]
[EventType "swiss"]
[EventRounds "10"]
[EventCountry "ESP"]
[Source "lmi"]
[SourceDate "2010.08.20"]

1. e4 c5 2. Nf3 d6 3. d4 Nf6 4. Nc3 cxd4 5. Nxd4 a6 6. Bc4 e6 7. Bb3 b5 8. O-O
Be7 9. Qf3 Qb6 10. Be3 Qb7 11. Qg3 Nbd7 12. f3 O-O 13. Nd5 Bd8 14. Nxf6+ Bxf6
15. Qxd6 Be5 16. Qe7 Bf6 17. Qd6 Be5 18. Qe7 1/2-1/2

[Event "12. Open de Sants 2010"]
[Site "Barcelona ESP"]
[Date "2010.08.25"]
[Round "6.3"]
[White "Oms Pallisse, Josep"]
[Black "Sidorenko, Ilya"]
[Result "1/2-1/2"]
[WhiteElo "2494"]
[BlackElo "2409"]
[PlyCount "42"]
[EventDate "2010.08.20"]
[EventType "swiss"]
[EventRounds "10"]
[EventCountry "ESP"]
[Source "lmi"]
[SourceDate "2010.08.20"]

1. d4 Nf6 2. c4 g6 3. Nc3 d5 4. Bf4 Bg7 5. e3 O-O 6. Rc1 Be6 7. Qb3 c5 8. Nf3
Nc6 9. dxc5 Rc8 10. Qxb7 dxc4 11. Ng5 Bd5 12. e4 h6 13. exd5 hxg5 14. dxc6 gxf4
15. Rd1 Qa5 16. Bxc4 Qxc5 17. Qb5 Rxc6 18. Qxc5 Rxc5 19. Bb3 Re5+ 20. Kf1 Ne4
21. Ne2 Nc5 1/2-1/2